{"text_format":"3","workbook":"xls","n_sheets":1,"sheets":["货物报价表"],"read":"whole","date_system":"1900","formulas":"cached_only"}

{"sheet":"货物报价表","index":0,"n_rows":35,"n_cols":10,"rows_kept":35,"merged":[[0,0,0,1],[1,0,1,9],[2,0,2,9],[3,0,3,9],[4,0,4,4],[4,6,4,9],[5,0,6,0],[5,1,6,1],[5,2,6,2],[5,3,6,3],[5,4,6,4],[5,5,5,6],[5,7,5,8],[5,9,6,9],[25,1,25,2],[26,0,26,4],[27,0,27,4],[27,5,27,9],[28,0,28,4],[28,5,28,9],[29,0,29,4],[29,5,29,9],[30,0,33,4],[30,5,30,9],[31,5,31,9],[32,5,32,9],[33,5,33,9],[34,1,34,9]],"flags":["formulas_cached_only"]}
["附件2"]
["货物报价表"]
["东莞市生技置业有限公司："]
["   我方已完整阅读了《松湖药港2026新春氛围布置项目比价公告》中的所有内容（包括所有已提供的投标要求、参考资料和有关附件等），完全理解上述文件所表达的意思，并承诺投标报价为按照采购单位需求及相关附件要求作出的报价。"]
["项目名称：松湖药港2026新春氛围布置项目",{"$nulls":5},"报价日期: 2025年 12 月   日"]
["序号","名称","规格、品牌、技术参数","单位","数量","限价金额（元）",null,"报价金额（元）",null,"备注"]
[{"$nulls":5},"含税单价","含税总价","含税单价","含税总价"]
[1,"小型树美化","小灯笼+新春装饰挂牌","棵",8,300,2400,null,0]
[2,"中型树美化","树干缠绕灯珠+6个树上发光红黄灯笼点缀","棵",6,550,3300,null,0]
[3,"大型树美化","树干及支撑缠绕红色金箔纸+红色小灯笼串（8串）","棵",1,1000,1000,null,0]
[4,"1号楼福字玻璃贴","福字玻璃贴","张",3,35,105,null,0]
[5,"1号楼玻璃门贴","玻璃门贴","套",2,600,1200,null,0]
[6,"2号楼福字玻璃贴","福字玻璃贴","张",8,35,280,null,0]
[7,"氛围美陈","2号楼大堂主题氛围堆头（2*3M）","套",1,4000,4000,null,0]
[8,"灯柱包装","沿街灯柱 小灯笼+主题亮光板包装（80*80cm）","套",70,90,6300,null,0]
[9,"执行服务","含活动整体策划、设计、场地对接、执行对接等服务","项",1,6000,6000,null,0]
[10,"电路走线","1/2号中庭灯光发光走线+防水线管措施","项",1,5000,5000,null,0]
[11,"一号楼大堂门口年桔对景","2M（70寸）","棵",1,2800,2800,null,0]
[12,"1号楼年桔对景","1M（18寸），17-19楼 ","棵",3,1000,3000,null,0]
[13,"五彩菊花","按高度、层次、颜色配备至少三个颜色的菊花","盘",50,35,1750,null,0]
[14,"多彩芍药","一号楼大堂年桔前10盘、其余楼层年桔前各2盘","盘",16,70,1120,null,0]
[15,"茶花","一号楼大堂门口","盘",10,200,2000,null,0]
[16,"杜鹃花","一号楼大堂门口","盘",10,85,850,null,0]
[17,"圣诞花","点缀至各楼层盆景中","盘",20,30,600,null,0]
[18,"塑胶围栏",null,"套",10,80,800,null,0]
[19,"运输、现场安装人工及撤场",null,"项",1,3500,3500,null,0]
["合计",{"$nulls":5},46005,null,0]
["询价单位：东莞市生技置业有限公司",{"$nulls":4},"报价单位：（盖章）"]
["询价单位联系人：郭工",{"$nulls":4},"报价单位联系人："]
["联系电话：0769-22892877",{"$nulls":4},"联系电话："]
["询价说明:项目采购内容包括但不限于：树木美化、氛围美陈等工作，此次项目报价为含税价格，最高限价为46005元，报送单价不得高于单价限价，投标报价不得高于最高限价。采取低价中标原则，总价最低的为项目中标候选人。若最低价出现相同报价的由采购人以随机摇珠方式确定中标候选人。                                               ",{"$nulls":4},"报价单位性质：□一般纳税人  □小规模纳税人"]
[{"$nulls":5},"税率：□3% □6% □10% □13% □16% □其他          "]
[{"$nulls":5},"发票类型：□增值税专用发票   £增值税普通发票"]
[{"$nulls":5},"报价说明：√含税价  □不含税价  □其他说明 \n\n                                             ."]
["备注：","本次询价截止日期为 2025年12月18日下午16时  ,请报价单位于截止日期之前提交报价，谢谢合作！"]